ბათუმის შოთა რუსთაველის სახელმწიფო უნივერსიტეტის ბიბლიოთეკა

ზოგადსამრეწველო მექანიზმების ავტომატიზებული ელექტროამძრავი :სახელმძღვ. / (ბიბ.ჩანაწერი № 39225)

000 -ლიდერი
ფიქსირებული სიგრძის საკონტროლო ველი 01312nam a2200229Ia 4500
001 - საკონტროლო ნომერი
საკონტროლო ველი 5811
003 - საკონტროლო ნომრის იდენტიფიკატორი
საკონტროლო ველი GE_BSU
005 - ბოლო ოპერაციის თარიღი და დრო
საკონტროლო ველი 20190626202957.0
008 - ფიქსირებული სიგრძის მონაცემთა ელემენტები - ზოგადი ინფორმაცია
ფიქსირებული სიგრძის საკონტროლო ველი 181216s1982||||ge |||||||||||||| ||geo||
041 ## - ენის კოდი
Language code of text/sound track or separate title geo
080 ## - უნივერსალური ათობითი კლასიფიკაციის ინდექსი
Universal Decimal Classification number 621.313.13(075.8) ს-64
100 ## - მთავარი ჩანაწერი - პიროვნების სახელი
Personal name სოკოლოვი, მ.
9 (RLIN) 2976
245 ## - ცნობა სათაურის შესახებ
Title ზოგადსამრეწველო მექანიზმების ავტომატიზებული ელექტროამძრავი :სახელმძღვ. /
Statement of responsibility, etc მ. სოკოლოვი ; მთარგნ. ი. კოტარია ; რედ : ი.გოგუაძე.
250 ## - გამოცემის ცნობა
Edition statement თარგმნ. მესამე გადამუშ. და შევსებ. რუსული გამ-დან.
264 ## - წარმოების, გამოცემის, დისტრიბუციის და სხვა ცნობები
გამოცემის, წარმოების, დისტრიბუციის... ადგილი თბილისი :
გამოცემის, წარმოების, დისტრიბუციის... სახელწოდება განათლება,
გამოცემის, წარმოების, დისტრიბუციის... თარიღი 1982.
300 ## - ფიზიკური აღწერა
Extent 370 გვ .:
Other physical details ილ;
Dimensions 22 სმ .
653 ## - INDEX TERM--UNCONTROLLED
Uncontrolled term ზოგადსამრეწველო მექანიზმების ავტომატიზებული ელექტროამძრავი
653 ## - INDEX TERM--UNCONTROLLED
Uncontrolled term ტექნიკა
700 ## - ADDED ENTRY--PERSONAL NAME
Personal name კოტარია, ი
Relator term მთარგმნელი
9 (RLIN) 2977
700 ## - ADDED ENTRY--PERSONAL NAME
Personal name გოგუაძე, ი
Relator term რედაქტორი
9 (RLIN) 2978
942 ## - ADDED ENTRY ELEMENTS (KOHA)
Koha item type წიგნი
Source of classification or shelving scheme
ეგზემპლარები
ჩამოწერის სტატუსი დაკარგული ეგზემპლარის სტატუსი კლასიფიკაციის წყარო ან თაროზე გაწყობის სქემა დაზიანების სტატუსი არ გაიცემა მუდმივი მდებარეობა (დაცვის ადგილი) ამჟამინდელი ადგილსამყოფელი თაროზე განთავსების ადგილი შეძენის თარიღი ღირებულება, შესყიდვის ნორმალური ფასი სრული შენახვის შიფრი შტრიხკოდი ბოლო ოპერაციის თარიღი ეგზემპლარის მიმდევრობითი ნომერი (კეტერი?) ფასის ძალაში შესვლის თარიღი ეგზემპლარის სახეობა საჯარო შენიშვნა
          ტექნოლოგიური ფაკულტეტის ბიბლიოთეკა ტექნოლოგიური ფაკულტეტის ბიბლიოთეკა წიგნსაცავი 2018-12-17 1.00 621.313.13(075.8) ს-64 10901 2018-12-17 10901 2018-12-17 წიგნი 1 ლ. 60 თ.
          ტექნოლოგიური ფაკულტეტის ბიბლიოთეკა ტექნოლოგიური ფაკულტეტის ბიბლიოთეკა წიგნსაცავი 2018-12-17 1.00 621.313.13(075.8) ს-64 10902 2018-12-17 10902 2018-12-17 წიგნი 1 ლ. 60 თ.
          ტექნოლოგიური ფაკულტეტის ბიბლიოთეკა ტექნოლოგიური ფაკულტეტის ბიბლიოთეკა წიგნსაცავი 2018-12-17 1.00 621.313.13(075.8) ს-64 10903 2018-12-17 10903 2018-12-17 წიგნი 1 ლ. 60 თ.
          ტექნოლოგიური ფაკულტეტის ბიბლიოთეკა ტექნოლოგიური ფაკულტეტის ბიბლიოთეკა წიგნსაცავი 2018-12-17 1.00 621.313.13(075.8) ს-64 10904 2018-12-17 10904 2018-12-17 წიგნი 1 ლ. 60 თ.
          ტექნოლოგიური ფაკულტეტის ბიბლიოთეკა ტექნოლოგიური ფაკულტეტის ბიბლიოთეკა წიგნსაცავი 2018-12-17 1.00 621.313.13(075.8) ს-64 10905 2018-12-17 10905 2018-12-17 წიგნი 1 ლ. 60 თ.